The accidental tourist

保存先:
書誌詳細
第一著者: Tyler, Anne
フォーマット: 図書
言語:Undetermined
出版事項: Oxford Oxford University Press 2004
主題:
タグ: タグ追加
タグなし, このレコードへの初めてのタグを付けませんか!
Thư viện lưu trữ: Trung tâm Học liệu Trường Đại học Cần Thơ
LEADER 00571nam a2200205Ia 4500
001 CTU_88438
008 210402s9999 xx 000 0 und d
020 |c 37000 
082 |a 813.54 
082 |b T981 
100 |a Tyler, Anne 
245 4 |a The accidental tourist 
245 0 |c Anne Tyler 
260 |a Oxford 
260 |b Oxford University Press 
260 |c 2004 
650 |a Travel writing,Children,American literature,American fiction 
650 |x Fiction,Death,Fiction 
904 |i Giang,Hải 
980 |a Trung tâm Học liệu Trường Đại học Cần Thơ